000 03208cam a22004334i 4500
003 PE-LiUPU
005 20250731183403.0
008 17117 s2011 sp a r 000 0 spa d
020 _a9788499401850
035 _a(Sirsi) a239971
040 _aPE-LiUPU
_bspa
_cPE-LiUPU
_erda
049 _aPRUA
082 0 4 _a720
_bF38
_220
100 1 _aFernández Alba, Antonio,
_eautor.
245 1 4 _aLas primaveras de Ilión :
_b(escritos sobre arquitectura y ciudad, 1990-2010) /
_cAntonio Fernández Alba.
264 1 _aMadrid :
_bBiblioteca Nueva,
_c2011.
300 _a318 páginas :
_bilustraciones ;
_c21 centimetros.
336 _atext
_2rdacontent
337 _aunmediated
_2rdamedia
338 _avolume
_2rdacarrier
490 0 _aMetrópoli : los espacios de la arquitectura ;
_v19
505 0 _aNaturaleza del espacio de la arquitectura -- De los lugares que construye la ciudad -- Memoria de la voluble fortuna -- Hacia una ética de la forma -- Líneas del tiempo -- Escrito desde la arquitectura -- De la moral de la polis (la arquitectura de la ciudad: paradigma de la incertidunbre) -- Palabras sobre la ciudad que nace -- El proyecto moderno de la arquitectura en los escenarios del patrimonio histórico -- Habitando las raíces bebedoras (la casa de la cascada) -- Ruinas en las estepas de Enoc -- Elogio de la construcción (de la levedad del muro, mientras agoniza) -- Arquitectura y ciudad en la obra de Antonio Palacios (notas par una exposición) -- Entorno al edificio del banco Español del río de la plata, sede del instituto Cervantes en Madrid -- El entorno neoclásico de Don Juan de Villanueva -- Catedrales, misterio del tiempo -- Paseo palladiano con el cantero de padua -- De la memoria digna (notas biográficas) Arboleada y muro -- Era del año la estación florida -- El poso sobre el puente -- La levedad de una partida -- Explorado la identidad perdida -- Poética de la razón constructiva -- Epílogo revisado de una ingeniería herradada (en torno al ingeniero Eugéne Freyssinet) -- Epístola breve a Rogelio Salmona, arquitecto -- Laberinto pentgonal -- La perspectiva, evanescencia, (notas sobre arquitectura y ciudad en España, 1975-2000) -- La balada de las musas inquietas -- (Berlín, potsdamer Platz) -- Arquitectura y ciudad en la España de losaños 60 (una mirada desde 2004) --Máquina -- Ilusorias transparencias fugitivas (arquitectura y espacio urbano en la posciudad) -- Materia, moderna y mirada desde los acantilados de la palabra.
526 _aP158
526 _aP146
526 _aP17
526 _aP12
526 _aP06
526 8 _iPrograma académico :
_5PE-LIPU
541 _gF029-801;
650 0 4 _aArquitectura.
_94555
650 0 4 _aArchitecture.
650 0 4 _aUrbanismo.
_93430
650 0 4 _aTown planning.
910 _adbm
_bjpc
_cjpc
_d2017117
942 _2ddc
_cBOOK
994 _aC0
_bPEPRU
596 _a1
999 _a720 F38
_wDEWEY
_c25626
_i76985
_f2021-11-9
_g5
_lCCODEBUL1
_mBUL
_p22.00
_r0
_sY
_tBOOK
_u2017-11-7
_xINGENIERIA
_PP06
_0COMPRA
_o.STAFF. Colección Ingeniería y Arquitectura
_d25626
980 _81
_gALBERTO SANCHEZ Responsable de Automatización